Teatro argentino contemporáneo (Record no. 128868)

MARC details
000 -LEADER
campo de control de longitud fija 01013nam a2200253 i 4500
001 - NÚMERO DE CONTROL
campo de control 128868
003 - IDENTIFICADOR DE NÚMERO DE CONTROL
campo de control ES-MaACL
005 - FECHA Y HORA DE LA ÚLTIMA TRANSACCIÓN
campo de control 20230906193358.0
007 - CAMPO FIJO DE DESCRIPCIÓN FÍSICA--INFORMACIÓN GENERAL
campo de control de longitud fija t|
008 - DATOS DE LONGITUD FIJA--INFORMACIÓN GENERAL
campo de control de longitud fija 070529s1973 sp ||||1| spa d
245 00 - MENCIÓN DEL TÍTULO
Título Teatro argentino contemporáneo
Resto del título : 1949-1969 /
Mención de responsabilidad, etc. recopilación, prólogo y notas de Juan Carlos Ghiano.
250 ## - MENCION DE EDICION
Mención de edición [1ª ed.].
260 ## - PUBLICACIÓN, DISTRIBUCIÓN, ETC.
Lugar de publicación, distribución, etc. [Madrid] :
Nombre del editor, distribuidor, etc. Aguilar,
Fecha de publicación, distribución, etc. [1973]
300 ## - DESCRIPCIÓN FÍSICA
Extensión 411 p. :
Otras características físicas il. ;
Dimensiones 20 cm.
505 8# - NOTA DE CONTENIDO CON FORMATO
Nota de contenido con formato Contiene: El puente / Carlos Gorostiza.--La biunda / Carlos Carlino.-- Agustín Cuzzani / Una libra de carne.-- Fundación del desengaño / Atilio Betti.-- Los de la mesa 10 / Osvaldo Dragún.-- Narcisa Garay, mujer para llorar / Juan Carlos Ghiano
700 1# - ENTRADA AGREGADA--NOMBRE PERSONAL
Nombre de persona Gorostiza, Carlos.
9 (RLIN) 59212
700 1# - ENTRADA AGREGADA--NOMBRE PERSONAL
Nombre de persona Carlino, Carlos.
9 (RLIN) 35280
700 1# - ENTRADA AGREGADA--NOMBRE PERSONAL
Nombre de persona Cuzzani, Agustín.
9 (RLIN) 42310
700 1# - ENTRADA AGREGADA--NOMBRE PERSONAL
Nombre de persona Betti, Atilio.
9 (RLIN) 28686
700 1# - ENTRADA AGREGADA--NOMBRE PERSONAL
Nombre de persona Ghiano, Juan Carlos.
9 (RLIN) 56567
700 1# - ENTRADA AGREGADA--NOMBRE PERSONAL
Nombre de persona Dragun, Osvaldo.
9 (RLIN) 182623
852 ## - LOCALIZACIÓN
Ubicación ES-MaACL
Número de control de estantería C-55694
Sublocalización o colección R.88290
Holdings
Estatus retirado Estado de pérdida Estado de daño No para préstamo Biblioteca de origen Biblioteca actual Ubicación en estantería Fecha de adquisición Fuente de adquisición Total de préstamos Signatura topográfica completa Código de barras Visto por última vez Precio de reemplazo Tipo de ítem Koha
        Biblioteca del Ateneo de Madrid Biblioteca del Ateneo de Madrid Depósito 2 17/01/2008     C-55694 1134202 23/02/2023 23/02/2023 Libro impreso